| 000 | 01216cam a2200385 4500 | ||
|---|---|---|---|
| 001 | 22204 | ||
| 003 | VRT | ||
| 005 | 20260323131300.0 | ||
| 008 | 220914s2022 xo g 010 f slo | ||
| 015 | _aSNBA2023/03 | ||
| 020 |
_a9788056910252 _q(viazané) |
||
| 039 | 9 |
_a202303101529 _bmsnk176 _c202209211346 _dmsnk03 |
|
| 040 |
_aZKSE _bslo _cZKSE _dSNK _erda |
||
| 041 | 0 | _aslo | |
| 044 |
_axo _cSK |
||
| 072 | 7 |
_a821.162.4-3 _xSlovenská próza _2konspekt |
|
| 080 |
_a821.162.4-31 _22011 |
||
| 080 |
_a82-311.4 _22011 |
||
| 100 | 1 |
_aHrašková, Eva, _d1988- _4aut |
|
| 245 | 1 | 0 |
_aNebo vonia tebou _cEva Hrašková |
| 250 | _a2. vydanie | ||
| 264 | 1 |
_aBratislava _bMarenčin PT _c2022 |
|
| 300 |
_a252 strán _c21 cm |
||
| 336 |
_atext _btxt _2rdacontent |
||
| 337 |
_abez média _bn _2rdamedia |
||
| 338 |
_azväzok _bnc _2rdacarrier |
||
| 655 | 7 |
_aslovenské romány _2SNKPH |
|
| 655 | 7 |
_aspoločenské romány _2SNKPH |
|
| 655 | 7 |
_aSlovak fiction _2SNKPHeng |
|
| 655 | 7 |
_aSociety novels _2SNKPHeng |
|
| 942 |
_2ddc _cKLDO _n0 |
||
| 949 |
_617A1513823 _asnkSC 199130 _bsnk2022/14486 _o1637/22 |
||
| 949 |
_617A1514500 _asnkSC 199130 D1 _bsnk2022/16519 _o1637/22 |
||
| 949 |
_6273K0675562 _asvkpoA 251560 _bsvkpo666464 |
||
| 999 |
_c22204 _d22204 |
||